Fill the World Map Based on a Legend - Statistics

General Stats
  • This quiz has been taken 1,885 times
  • The average score is 125 of 196
Answers on the Map
Answers color-coded by a green-red scale on the quiz's map according to % correct below.
 
Answer Stats
Country # % Correct
Afghanistan 7
85%
Albania 3
82%
Algeria 7
82%
Andorra 1
80%
Angola 7
80%
Antigua and Barbuda 1
79%
Argentina 7
79%
Armenia 3
78%
Azerbaijan 5
78%
Bahamas 1
77%
Bahrain 2
77%
Bhutan 2
77%
Austria 5
77%
Australia 6
77%
Bangladesh 9
77%
Barbados 1
76%
Botswana 3
76%
Belarus 5
76%
Belgium 5
76%
Benin 5
76%
Brazil 9
76%
Belize 1
75%
Brunei 1
75%
Bosnia and Herzegovina 3
75%
Bulgaria 4
75%
Central African Republic 4
75%
Bolivia 5
75%
Burundi 5
75%
Burkina Faso 6
75%
Cameroon 6
75%
Canada 7
75%
Cape Verde 2
74%
Cambodia 6
74%
Chile 6
74%
Myanmar 8
74%
Colombia 8
74%
Democratic Republic of the Congo 8
74%
China 9
74%
Comoros 2
73%
Croatia 3
73%
Costa Rica 4
73%
Cuba 5
73%
Czech Republic 5
73%
Chad 6
73%
Ivory Coast 6
73%
Dominica 1
72%
Cyprus 2
72%
Djibouti 2
72%
East Timor 2
72%
Eritrea 3
72%
Denmark 4
72%
El Salvador 4
72%
Dominican Republic 5
72%
Ecuador 6
72%
Germany 8
72%
Egypt 9
72%
Ethiopia 9
72%
Federated States of Micronesia 1
71%
Equatorial Guinea 2
71%
Estonia 2
71%
Fiji 2
71%
Gabon 3
71%
Finland 4
71%
Ghana 7
71%
France 8
71%
Gambia 3
70%
Georgia 3
70%
Greece 5
70%
Guinea 5
70%
Grenada 1
69%
Iceland 1
69%
Guinea-Bissau 2
69%
Guyana 2
69%
Haiti 5
69%
Guatemala 6
69%
Italy 8
69%
Jamaica 3
68%
Ireland 4
68%
Honduras 5
68%
Kazakhstan 6
68%
Iraq 7
68%
Iran 8
68%
India 9
68%
Indonesia 9
68%
Kiribati 1
67%
Liechtenstein 1
67%
Latvia 2
67%
Liberia 3
67%
Kyrgyzstan 4
67%
Laos 4
67%
Hungary 5
67%
Israel 5
67%
Jordan 5
67%
Kenya 7
67%
Japan 9
67%
Kosovo 2
66%
Luxembourg 2
66%
North Macedonia 2
66%
Kuwait 3
66%
Lesotho 3
66%
Lebanon 4
66%
Libya 4
66%
Madagascar 6
66%
Maldives 1
65%
Lithuania 3
65%
Malawi 6
65%
Mali 6
64%
Malaysia 7
64%
Marshall Islands 1
63%
Monaco 1
63%
Malta 2
63%
Mauritius 2
63%
Mauritania 3
63%
Mexico 9
63%
Moldova 3
62%
Mongolia 3
62%
Morocco 7
62%
Mozambique 7
62%
Nauru 1
61%
Montenegro 2
61%
Namibia 3
61%
Nicaragua 4
61%
Netherlands 6
61%
Niger 6
61%
Nepal 7
61%
Nigeria 9
61%
Oman 3
60%
New Zealand 4
60%
Norway 4
60%
North Korea 6
60%
Pakistan 9
60%
Palau 1
59%
Paraguay 4
59%
Papua New Guinea 5
59%
Philippines 9
59%
Panama 3
58%
Portugal 5
58%
Peru 7
58%
Poland 7
58%
Qatar 3
57%
Republic of the Congo 4
57%
Romania 6
57%
Saint Kitts and Nevis 1
56%
Saint Lucia 1
56%
Rwanda 5
56%
Russia 9
56%
Saint Vincent and the Grenadines 1
55%
Samoa 1
55%
San Marino 1
55%
São Tomé and Príncipe 1
55%
Seychelles 1
54%
Serbia 4
54%
Singapore 4
54%
Sierra Leone 5
54%
Senegal 6
54%
Saudi Arabia 7
54%
Solomon Islands 2
53%
Slovenia 3
53%
Slovakia 4
53%
South Sudan 5
52%
Somalia 6
52%
South Africa 8
52%
South Korea 8
52%
Suriname 2
51%
Spain 7
51%
Eswatini 2
50%
Sweden 5
50%
Sri Lanka 6
50%
Syria 6
50%
Sudan 7
50%
Switzerland 5
49%
Tajikistan 5
49%
Taiwan 6
49%
Togo 4
48%
Tanzania 8
48%
Tonga 1
47%
Thailand 8
47%
Turkey 8
47%
Tuvalu 1
46%
Trinidad and Tobago 2
46%
Turkmenistan 4
46%
Tunisia 5
46%
United Arab Emirates 5
46%
Uganda 7
46%
Ukraine 7
46%
Vanuatu 1
45%
Uruguay 3
45%
United Kingdom 8
45%
United States 9
45%
Vatican City 1
44%
Venezuela 6
44%
Uzbekistan 7
44%
Zimbabwe 6
43%
Yemen 7
43%
Vietnam 8
43%
Zambia 6
42%
No matching quizzes found
Score Distribution
Percent of People with Each Score
Percentile by Number Answered
Your Score History
You have not taken this quiz